00271nam a2200097 4500008004100000100001800041245007200059260000900131300001500140773001800155190312b ||||| |||| 00| 0 eng d aMishra, Meena aBhaarat mein paryaavaran- sanrakshan evan niyaamak sankhy ki bhumik c2018 ap.283-289. aLok Prashasan